[Event "9th Asian Continental"]
[Site "Olongapo City PHI"]
[Date "2010.04.25"]
[EventDate "2010.04.21"]
[Round "5"]
[Result "0-1"]
[White "Tamijani Homayoon Toufighi"]
[Black "Ding Liren"]
[WhiteElo "2491"]
[BlackElo "2565"]
[PlyCount "94"]

1. e4 c5 2. c3 d5 3. exd5 Qxd5 4. d4 Nf6 5. Nf3 e6 6. Bd3 Be7
7. O-O O-O 8. Be3 Rd8 9. Qe2 Nc6 10. a3 b6 11. Rd1 Bb7
12. Nbd2 cxd4 13. cxd4 Bf8 14. Rac1 Rac8 15. h3 h6 16. Bb1 b5
17. Bc2 b4 18. Nc4 bxa3 19. bxa3 Ba6 20. Bd3 Na5 21. Nxa5 Bxd3
22. Qxd3 Qxa5 23. Ne5 Qxa3 24. Qxa3 Bxa3 25. Ra1 Bd6 26. Nd3
Rc7 27. d5 Nxd5 28. Bxa7 Nc3 29. Bb6 Nxd1 30. Rxd1 Rdc8
31. Bxc7 Rxc7 32. Kf1 h5 33. Rc1 Ra7 34. Rc6 Be7 35. g4 Kh7
36. Ne5 Bf6 37. Rc5 Bxe5 38. Rxe5 hxg4 39. hxg4 Ra4 40. f3 Ra2
41. Rb5 Kg6 42. Rb7 e5 43. Ke1 e4 44. fxe4 Rg2 45. Rb6+ Kg5
46. Rb7 Rxg4 47. Rb5+ Kf6 0-1

[Event "9th Asian Continental"]
[Site "Olongapo City PHI"]
[Date "2010.04.26"]
[EventDate "2010.04.21"]
[Round "6"]
[Result "1/2-1/2"]
[White "Ding Liren"]
[Black "Li Chao"]
[WhiteElo "2565"]
[BlackElo "2613"]
[PlyCount "113"]

1. d4 Nf6 2. c4 g6 3. Nc3 d5 4. cxd5 Nxd5 5. e4 Nxc3 6. bxc3
Bg7 7. Be3 c5 8. Nf3 Qa5 9. Qd2 Nc6 10. Rb1 a6 11. Rc1 Bg4
12. d5 Rd8 13. Be2 O-O 14. O-O Bxf3 15. Bxf3 e6 16. Rfd1 exd5
17. exd5 Ne5 18. d6 Rfe8 19. Qd5 Bf8 20. Qxc5 Nxf3+ 21. gxf3
Qxc5 22. Bxc5 Re5 23. Bb4 a5 24. Ba3 b5 25. Rc2 Rf5 26. Re2 f6
27. Re3 Kf7 28. Rd4 Rd7 29. Kf1 Rh5 30. h4 g5 31. hxg5 Rxg5
32. f4 Rf5 33. Kg2 h5 34. Kf3 Rd8 35. Ke4 Ke6 36. Kf3+ Kf7
37. Kg3 Rd7 38. Kg2 Rd8 39. Kf3 Rd7 40. Ke4 Ke6 41. Kf3+ Kf7
42. Red3 Ke6 43. Ke4 Rd8 44. Rd5 Rxd5 45. Rxd5 Bxd6 46. Bxd6
Rxd6 47. Rxb5 Rd2 48. Rxa5 Rxf2 49. Ra6+ Ke7 50. Kf5 h4 51. a4
h3 52. Rxf6 Rc2 53. Re6+ Kf7 54. Re3 h2 55. Rh3 Kg7 56. Ke5
Rxc3 57. Rxh2 1/2-1/2

[Event "9th Asian Continental"]
[Site "Olongapo City PHI"]
[Date "2010.04.27"]
[EventDate "2010.04.21"]
[Round "7"]
[Result "0-1"]
[White "Bayarsaikhan Gundavaa"]
[Black "Ding Liren"]
[WhiteElo "2471"]
[BlackElo "2565"]
[PlyCount "74"]

1. d4 Nf6 2. Nf3 g6 3. Bg5 Bg7 4. Nbd2 O-O 5. c3 d5 6. e3 Nbd7
7. Be2 Re8 8. O-O e5 9. dxe5 Nxe5 10. Nxe5 Rxe5 11. Nf3 Re8
12. Qb3 c6 13. Rfd1 Qb6 14. Bxf6 Bxf6 15. Rd2 Qc5 16. Rad1 b5
17. Nd4 Bb7 18. a4 a6 19. Qc2 Qd6 20. b4 Bd8 21. g3 h5 22. Bf3
Bb6 23. Kg2 h4 24. Kg1 Qf6 25. Bg2 Re7 26. Nb3 Rae8 27. Nc5
Bc8 28. Qd3 Bc7 29. e4 Bg4 30. Rf1 h3 31. Bh1 Bb6 32. exd5
cxd5 33. Bxd5 Bxc5 34. bxc5 Be2 35. Rxe2 Rxe2 36. axb5 axb5
37. Bf3 Rd2 0-1

[Event "9th Asian Continental"]
[Site "Olongapo City PHI"]
[Date "2010.04.28"]
[EventDate "2010.04.21"]
[Round "8"]
[Result "1/2-1/2"]
[White "Ding Liren"]
[Black "Abhijeet Gupta"]
[WhiteElo "2565"]
[BlackElo "2560"]
[PlyCount "92"]

1. d4 Nf6 2. c4 g6 3. Nc3 d5 4. cxd5 Nxd5 5. e4 Nxc3 6. bxc3
Bg7 7. Nf3 c5 8. Be3 Qa5 9. Qd2 O-O 10. Rc1 Rd8 11. d5 e6
12. Bg5 f6 13. Bf4 Qa4 14. Qc2 Qxc2 15. Rxc2 exd5 16. exd5 Bf5
17. Rb2 Be4 18. Bc4 Nd7 19. Nd2 Bxg2 20. Rg1 Bh3 21. Rg3 Bf5
22. Rxb7 Nb6 23. d6+ Nxc4 24. Nxc4 g5 25. h4 h6 26. Re7 Rd7
27. hxg5 hxg5 28. Bxg5 fxg5 29. Rxg5 Rxe7+ 30. dxe7 Re8
31. Rxf5 Bxc3+ 32. Kd1 Bd4 33. Na5 Rxe7 34. Nb3 Rd7 35. Kc2 c4
36. Nd2 Re7 37. Nxc4 Re2+ 38. Kd3 Rxf2 39. Rg5+ Bg7 40. Ra5
Rf7 41. Ne3 Rd7+ 42. Nd5 Kf7 43. Kc4 Ke6 44. Ra6+ Ke5 45. Nb4
Rc7+ 46. Kb5 Rb7+ 1/2-1/2

[Event "9th Asian Continental"]
[Site "Olongapo City PHI"]
[Date "2010.04.29"]
[EventDate "2010.04.21"]
[Round "9"]
[Result "1-0"]
[White "Le Quang Liem"]
[Black "Ding Liren"]
[WhiteElo "2689"]
[BlackElo "2565"]
[PlyCount "125"]

1. d4 Nf6 2. c4 g6 3. Nc3 Bg7 4. e4 d6 5. Nf3 O-O 6. Be2 e5
7. O-O Nc6 8. d5 Ne7 9. Ne1 Nd7 10. f3 f5 11. g4 Nf6 12. Nd3
c6 13. Be3 Kh8 14. Kh1 b6 15. Rg1 Bb7 16. g5 Nh5 17. Qd2 Qd7
18. a4 cxd5 19. cxd5 f4 20. Bf2 h6 21. Nb5 a6 22. Na3 hxg5
23. Nc4 Rab8 24. Qb4 Nc8 25. Rxg5 Kh7 26. Rag1 Rg8 27. Rxg6
Ng3+ 28. Bxg3 Kxg6 29. Bxf4+ Kh7 30. Bg5 Bh6 31. f4 exf4
32. Bg4 Qf7 33. Bxh6 Bxd5 34. Nd2 Kxh6 35. exd5 Qxd5+ 36. Qe4
Qxe4+ 37. Nxe4 Rf8 38. Rd1 a5 39. Ndf2 b5 40. axb5 Rxb5
41. Bxc8 Rxc8 42. Nxd6 Rxb2 43. Nd3 Rcc2 44. Nxb2 Rxb2 45. Ra1
Kg5 46. Nc4 Rc2 47. Ne5 Kf5 48. Nd3 Ke4 49. Ne1 Rc4 50. Kg2 a4
51. Ra2 Kf5 52. Nf3 Rb4 53. Re2 a3 54. Re5+ Kf6 55. Ra5 Rb3
56. Ra4 Rb2+ 57. Kh3 a2 58. Kg4 Ke6 59. h4 Kd5 60. h5 Kc5
61. h6 Kb5 62. Ra8 Rg2+ 63. Kf5 1-0

[Event "Chinese Championship"]
[Site "Xinghua CHN"]
[Date "2010.05.24"]
[EventDate "2010.05.24"]
[Round "1"]
[Result "1-0"]
[White "Wang Hao"]
[Black "Ding Liren"]
[WhiteElo "2722"]
[BlackElo "2547"]
[PlyCount "105"]

1. d4 Nf6 2. c4 g6 3. g3 Bg7 4. Bg2 O-O 5. Nc3 d6 6. Nf3 Nc6
7. O-O a6 8. b3 Rb8 9. Nd5 Nd7 10. e4 e6 11. Ne3 Nc5 12. dxc5
Bxa1 13. cxd6 Bc3 14. Ba3 Bb4 15. Bxb4 Nxb4 16. e5 Nc6 17. Qd2
cxd6 18. exd6 e5 19. Rd1 Be6 20. h4 f6 21. c5 b6 22. d7 Rf7
23. Qd6 Qxd7 24. Ng5 fxg5 25. Bxc6 Qxd6 26. Rxd6 Re7 27. cxb6
gxh4 28. gxh4 a5 29. Nc4 Kf8 30. Bd5 Rd7 31. Rxe6 Rxd5 32. Kg2
Rb5 33. Rc6 Kg7 34. Rc7+ Kh6 35. Ra7 e4 36. Re7 Rb4 37. Ra7
Rb5 38. Kg3 g5 39. hxg5+ Rxg5+ 40. Kf4 Rg2 41. Kxe4 Rxf2
42. Rxa5 Kg7 43. Ra7+ Kg8 44. b7 Rf7 45. Nd6 Rd7 46. Kd5 Kf8
47. Kc6 Ke7 48. Ne4 h5 49. Nc5 Rd4 50. Kc7 Rbd8 51. Ra8 h4
52. Rc8 R4d5 53. b4 1-0

[Event "Chinese Championship"]
[Site "Xinghua CHN"]
[Date "2010.05.25"]
[EventDate "2010.05.24"]
[Round "2"]
[Result "1-0"]
[White "Ni Hua"]
[Black "Ding Liren"]
[WhiteElo "2667"]
[BlackElo "2547"]
[PlyCount "91"]

1. e4 e6 2. d4 d5 3. Nd2 Be7 4. e5 c5 5. c3 Nc6 6. Ndf3 cxd4
7. cxd4 Bb4+ 8. Bd2 Qa5 9. Bd3 f6 10. Ne2 Bxd2+ 11. Qxd2 Qxd2+
12. Kxd2 Nge7 13. Rac1 Bd7 14. h4 O-O 15. Ke3 fxe5 16. dxe5
d4+ 17. Kd2 Rad8 18. h5 Be8 19. Rh4 Rxf3 20. gxf3 Nxe5 21. Be4
d3 22. Ng3 g5 23. hxg6 N7xg6 24. Rh5 Bc6 25. f4 Nf3+ 26. Bxf3
Bxf3 27. Rg5 Kg7 28. Nh5+ Kh6 29. Nf6 Rd4 30. Ng4+ Bxg4
31. Rxg4 e5 32. Ke3 Ra4 33. Kxd3 exf4 34. Rh1+ Kg7 35. a3 Ra5
36. Rgg1 h5 37. Rc1 Kh6 38. Rc7 Rb5 39. b4 h4 40. Ke4 Re5+
41. Kf3 Rd5 42. a4 b5 43. Rc5 Rd3+ 44. Ke4 Rb3 45. Kf5 Kh5
46. Ke4+ 1-0

[Event "Chinese Championship"]
[Site "Xinghua CHN"]
[Date "2010.05.26"]
[EventDate "2010.05.24"]
[Round "3"]
[Result "1-0"]
[White "Ding Liren"]
[Black "Li Shilong"]
[WhiteElo "2547"]
[BlackElo "2514"]
[PlyCount "61"]

1. d4 Nf6 2. Nf3 e6 3. c4 Bb4+ 4. Nbd2 b6 5. a3 Bxd2+ 6. Qxd2
Bb7 7. e3 O-O 8. Be2 d6 9. O-O Nbd7 10. b4 Ne4 11. Qc2 f5
12. d5 e5 13. Ne1 Ng5 14. f4 Ne4 15. Nf3 c6 16. dxc6 Bxc6
17. Bb2 Qe7 18. Rad1 Kh8 19. Ba1 Rae8 20. Qb2 h6 21. fxe5 Nxe5
22. Nxe5 dxe5 23. Bh5 Qg5 24. Bxe8 Rxe8 25. Qe2 Re6 26. Rf3
Qh5 27. b5 Bb7 28. Rd8+ Kh7 29. Rd7 Bc8 30. Rc7 Nd6 31. Rg3
1-0

[Event "Chinese Championship"]
[Site "Xinghua CHN"]
[Date "2010.05.27"]
[EventDate "2010.05.24"]
[Round "4"]
[Result "1/2-1/2"]
[White "Ji Dan"]
[Black "Ding Liren"]
[WhiteElo "2379"]
[BlackElo "2547"]
[PlyCount "70"]

1. e4 c5 2. Nf3 e6 3. d4 cxd4 4. Nxd4 a6 5. Bd3 Bc5 6. Nb3 Be7
7. c4 d6 8. Nc3 Nf6 9. O-O b6 10. Be3 Nbd7 11. f3 O-O 12. Qd2
Ne5 13. Rfd1 Bb7 14. Bf1 Rc8 15. Qf2 Nxc4 16. Bxc4 Rxc4
17. Bxb6 Qa8 18. Na5 Rcc8 19. Rac1 d5 20. Nxb7 Qxb7 21. exd5
Nxd5 22. Nxd5 Qxd5 23. Qd4 Qb5 24. Qf2 Rxc1 25. Rxc1 h5 26. b3
Rb8 27. Bc7 Rc8 28. Rc4 Bd8 29. Bxd8 Rxd8 30. Qc2 Qb6+ 31. Kh1
Qa5 32. h3 Qe1+ 33. Kh2 h4 34. Rc8 Qg3+ 35. Kh1 Qe1+ 1/2-1/2

[Event "Chinese Championship"]
[Site "Xinghua CHN"]
[Date "2010.05.28"]
[EventDate "2010.05.24"]
[Round "5"]
[Result "1-0"]
[White "Ding Liren"]
[Black "Yifan Hou"]
[WhiteElo "2547"]
[BlackElo "2589"]
[PlyCount "89"]

1. d4 Nf6 2. c4 e6 3. Nf3 d5 4. Nc3 Bb4 5. Bg5 h6 6. Bxf6 Qxf6
7. Qa4+ Nc6 8. e3 O-O 9. Be2 Bd7 10. Qb3 dxc4 11. Qxc4 Bd6
12. O-O e5 13. d5 Na5 14. Qd3 Qe7 15. e4 a6 16. Rac1 b5 17. a3
f5 18. Nd2 f4 19. b4 Nb7 20. Rc2 Rf6 21. Rfc1 g5 22. h3 Qf7
23. Bg4 Bxg4 24. hxg4 h5 25. Qh3 Rh6 26. gxh5 Rxh5 27. Qg4 Kg7
28. Nf3 Kg6 29. g3 Rd8 30. Ne2 Rdh8 31. Rc6 Kf6 32. Qf5+ Kg7
33. Qxf7+ Kxf7 34. Rxc7+ Bxc7 35. Rxc7+ Ke8 36. Rxb7 Rh1+
37. Kg2 g4 38. gxf4 gxf3+ 39. Kxf3 R8h2 40. fxe5 Rf1 41. Ke3
Rfxf2 42. Nd4 Rf1 43. Nf5 Re1+ 44. Kd4 Kd8 45. e6 1-0

[Event "Chinese Championship"]
[Site "Xinghua CHN"]
[Date "2010.05.29"]
[EventDate "2010.05.24"]
[Round "6"]
[Result "1/2-1/2"]
[White "Li Chao"]
[Black "Ding Liren"]
[WhiteElo "2619"]
[BlackElo "2547"]
[PlyCount "61"]

1. e4 e6 2. d4 d5 3. Nc3 Nf6 4. e5 Nfd7 5. f4 c5 6. Nf3 Nc6
7. Be3 a6 8. Qd2 b5 9. a3 Qb6 10. Ne2 b4 11. axb4 Qxb4 12. c3
Qb7 13. dxc5 Nxc5 14. Ned4 Be7 15. Be2 O-O 16. O-O a5 17. b4
Nxd4 18. Nxd4 Ne4 19. Qc2 axb4 20. cxb4 Bd7 21. b5 Rfc8
22. Qb2 Bc5 23. Rxa8 Rxa8 24. Ra1 h6 25. Rxa8+ Qxa8 26. Kf1
Qa7 27. g3 Bb6 28. Kg2 Qa5 29. Nb3 Qc3 30. Qxc3 Nxc3 31. Bxb6
1/2-1/2

[Event "Chinese Championship"]
[Site "Xinghua CHN"]
[Date "2010.05.31"]
[EventDate "2010.05.24"]
[Round "7"]
[Result "1/2-1/2"]
[White "Ding Liren"]
[Black "Zhang Ziyang"]
[WhiteElo "2547"]
[BlackElo "2422"]
[PlyCount "70"]

1. d4 Nf6 2. c4 e6 3. Nf3 d5 4. Nc3 c6 5. e3 Nbd7 6. Qc2 Bd6
7. Bd3 O-O 8. O-O dxc4 9. Bxc4 Qe7 10. h3 c5 11. e4 cxd4
12. Nxd4 Ne5 13. Bb3 b6 14. Be3 Bc5 15. f4 Nc6 16. Qf2 Nxd4
17. Bxd4 Bxd4 18. Qxd4 Rd8 19. Qe3 Bb7 20. e5 Nd5 21. Bxd5
Bxd5 22. Rad1 Bc4 23. Rfe1 Rxd1 24. Rxd1 Rd8 25. Rd4 Ba6
26. Kh2 h6 27. Qd2 Rxd4 28. Qxd4 Bb7 29. Nd1 Qh4 30. Nf2 Qe7
31. Ne4 Qh4 32. Qf2 Qd8 33. Nd6 Bd5 34. a3 Qc7 35. Qd2 Qc6
1/2-1/2

[Event "Chinese Championship"]
[Site "Xinghua CHN"]
[Date "2010.06.01"]
[EventDate "2010.05.24"]
[Round "8"]
[Result "0-1"]
[White "Lu Shanglei"]
[Black "Ding Liren"]
[WhiteElo "2349"]
[BlackElo "2547"]
[PlyCount "98"]

1. e4 e6 2. d4 d5 3. Nd2 Be7 4. Bd3 c5 5. dxc5 Nf6 6. Qe2 O-O
7. Ngf3 a5 8. O-O Na6 9. e5 Nd7 10. c3 Naxc5 11. Bc2 b6
12. Re1 f6 13. b4 axb4 14. cxb4 Na6 15. exf6 Nxf6 16. b5 Nc5
17. Bb2 Qe8 18. Ne5 Bb7 19. f3 Bd6 20. Nd3 Qxb5 21. Bd4 Qc6
22. Nxc5 Bxc5 23. Nb3 Rfe8 24. Rac1 Qd6 25. Kh1 Ba6 26. Qe3
Nd7 27. f4 Bc4 28. Qh3 h6 29. Qg4 Bxd4 30. Nxd4 Nf6 31. Qh3
Qxf4 32. Nxe6 Qg4 33. Qxg4 Nxg4 34. Bg6 Re7 35. Nd4 Ne5
36. Bb1 Rf8 37. g3 Ree8 38. Kg2 Ng4 39. Bg6 Ne3+ 40. Kg1 Re5
41. Rc3 Ng4 42. Rxe5 Nxe5 43. Bf5 Kf7 44. Ra3 Kf6 45. Kg2 g6
46. Bc2 Ke7 47. Ra7+ Kd6 48. a4 Bf1+ 49. Kg1 Bh3 0-1

[Event "Chinese Championship"]
[Site "Xinghua CHN"]
[Date "2010.06.02"]
[EventDate "2010.05.24"]
[Round "9"]
[Result "0-1"]
[White "Ding Liren"]
[Black "Zhou Jianchao"]
[WhiteElo "2547"]
[BlackElo "2652"]
[PlyCount "138"]

1. d4 Nf6 2. c4 g6 3. Nc3 d5 4. cxd5 Nxd5 5. e4 Nxc3 6. bxc3
Bg7 7. Nf3 c5 8. Be3 Qa5 9. Qd2 Nc6 10. Rb1 a6 11. Rc1 f5
12. dxc5 fxe4 13. Nd4 Bd7 14. Be2 O-O-O 15. Nb3 Qc7 16. Qc2
Ne5 17. Nd2 Nd3+ 18. Bxd3 exd3 19. Qxd3 Bb5 20. Qb1 Rxd2
21. Kxd2 Qd7+ 22. Ke1 Qg4 23. c4 Bxc4 24. Rxc4 Qxc4 25. f3 Bd4
26. Bxd4 Qxd4 27. Ke2 Qc4+ 28. Kf2 Qxc5+ 29. Kg3 Qg5+ 30. Kh3
Qh5+ 31. Kg3 Qe5+ 32. Kh3 Rd8 33. Rc1+ Kb8 34. Rd1 Qe6+ 35. g4
Rf8 36. Qe4 Qxe4 37. fxe4 Rf3+ 38. Kh4 Rf2 39. Rd7 Rxa2
40. Rxe7 a5 41. Kg3 a4 42. Rxh7 a3 43. Rd7 Re2 44. h4 Rxe4
45. h5 gxh5 46. gxh5 Re6 47. Rd1 Kc7 48. Ra1 Ra6 49. h6 Rxh6
50. Rxa3 Rf6 51. Rc3+ Kd6 52. Rb3 Kc6 53. Rc3+ Kd5 54. Rb3 b6
55. Rb1 Kc6 56. Rc1+ Kb7 57. Rb1 Rf8 58. Kg4 Kc6 59. Rc1+ Kd5
60. Rb1 Kc5 61. Rc1+ Kd4 62. Rb1 Rb8 63. Kf3 b5 64. Ke2 Kc3
65. Rc1+ Kb2 66. Rc7 Rd8 67. Rb7 Rd5 68. Ke3 Kc3 69. Rc7+ Kb3
0-1

[Event "Chinese Championship"]
[Site "Xinghua CHN"]
[Date "2010.06.03"]
[EventDate "2010.05.24"]
[Round "10"]
[Result "1-0"]
[White "Bu Xiangzhi"]
[Black "Ding Liren"]
[WhiteElo "2681"]
[BlackElo "2547"]
[PlyCount "111"]

1. Nf3 Nf6 2. c4 g6 3. b3 Bg7 4. Bb2 O-O 5. g3 d6 6. d4 e5
7. dxe5 Nfd7 8. Nc3 dxe5 9. Qd2 Re8 10. Rd1 e4 11. Nh4 Nc6
12. Bg2 f5 13. O-O Nde5 14. Qc1 Bd7 15. f3 exf3 16. Nxf3 Nxf3+
17. Bxf3 Rb8 18. Bd5+ Kh8 19. Bxc6 bxc6 20. Qd2 Be6 21. Na4
Qxd2 22. Bxg7+ Kxg7 23. Rxd2 Rf8 24. Rf3 Rbd8 25. Rfd3 Rxd3
26. Rxd3 f4 27. Nc5 Bc8 28. b4 a6 29. Kg2 g5 30. e4 h5
31. gxf4 Rxf4 32. Rd8 Rf8 33. Rxf8 Kxf8 34. a4 Kf7 35. a5 Kf6
36. Kf3 Ke5 37. Ke3 h4 38. Nd3+ Kf6 39. Kf3 Ke6 40. Kg4 Kf6+
41. Kh5 h3 42. Nf2 Ke5 43. Kxg5 Kd4 44. Kf6 Kxc4 45. e5 Kxb4
46. e6 c5 47. Nxh3 c4 48. Nf4 Kc3 49. h4 Kd2 50. Nd5 c6 51. e7
Bd7 52. Nb6 c3 53. Nxd7 c2 54. e8=Q c1=Q 55. Qe5 Qf1+ 56. Ke7
1-0

[Event "Chinese Championship"]
[Site "Xinghua CHN"]
[Date "2010.06.04"]
[EventDate "2010.05.24"]
[Round "11"]
[Result "1/2-1/2"]
[White "Ding Liren"]
[Black "Zhou Weiqi"]
[WhiteElo "2547"]
[BlackElo "2585"]
[PlyCount "94"]

1. d4 Nf6 2. Nf3 c5 3. d5 g6 4. Nc3 Bg7 5. e4 d6 6. Be2 O-O
7. O-O e6 8. Bf4 e5 9. Bg5 h6 10. Bh4 Na6 11. Nd2 Nc7 12. a3
Bd7 13. Nc4 Nb5 14. Nxb5 Bxb5 15. Nd2 Bd7 16. b4 Qc7 17. c4 a5
18. bxc5 Qxc5 19. Qb3 g5 20. Bg3 h5 21. Qe3 Qxe3 22. fxe3 h4
23. Bf2 Bc8 24. c5 dxc5 25. a4 Rd8 26. Bd3 b6 27. Rfb1 Ba6
28. Bxa6 Rxa6 29. Be1 Bf8 30. Nc4 Nxe4 31. Rxb6 Rxb6 32. Nxb6
c4 33. Nxc4 Rxd5 34. Kf1 Rc5 35. Nxa5 Rc2 36. Nb3 Nc5 37. Nxc5
Bxc5 38. a5 Bxe3 39. a6 Ba7 40. Ra5 f6 41. Rd5 Rc8 42. Rd6 Bd4
43. Rxf6 Kg7 44. Rf3 Kg6 45. Ra3 Rc7 46. Ra2 e4 47. Ra4 Rd7
1/2-1/2

[Event "1st Danzhou Tournament"]
[Site "Danzhou CHN"]
[Date "2010.06.11"]
[EventDate "2010.06.11"]
[Round "1"]
[Result "1-0"]
[White "Ding Liren"]
[Black "Zhou Jianchao"]
[WhiteElo "2547"]
[BlackElo "2652"]
[PlyCount "75"]

1. d4 d5 2. c4 c6 3. Nf3 Nf6 4. Nc3 dxc4 5. a4 Bf5 6. Ne5 e6
7. f3 Bb4 8. Nxc4 O-O 9. Kf2 c5 10. e4 Bxc3 11. bxc3 Bxe4
12. fxe4 Nxe4+ 13. Kg1 Nxc3 14. Qe1 cxd4 15. Ba3 Nc6 16. Bxf8
Qxf8 17. h4 Qc5 18. Nd2 Nb4 19. Qf2 Rd8 20. Rh3 Nbd5 21. Rd3
e5 22. Re1 Qc7 23. Ne4 Nxa4 24. Rg3 Nf4 25. Nf6+ Kh8 26. Ne8
Rxe8 27. Qxf4 Re7 28. Qg4 f6 29. Ra3 Qc6 30. Rea1 Nb6 31. Rxa7
e4 32. Qh5 h6 33. Qg6 Qc8 34. Re1 Qc6 35. Kh1 d3 36. Bxd3 Qc3
37. Raa1 f5 38. Qxf5 1-0

[Event "1st Danzhou Tournament"]
[Site "Danzhou CHN"]
[Date "2010.06.12"]
[EventDate "2010.06.11"]
[Round "2"]
[Result "0-1"]
[White "Zhou Weiqi"]
[Black "Ding Liren"]
[WhiteElo "2585"]
[BlackElo "2547"]
[PlyCount "122"]

1. d4 Nf6 2. Nf3 g6 3. g3 Bg7 4. Bg2 O-O 5. O-O d5 6. c4 c6
7. b3 dxc4 8. bxc4 c5 9. Bb2 Qb6 10. Qb3 Ne4 11. e3 Nc6
12. Ne5 Nd6 13. Nd2 cxd4 14. exd4 Be6 15. Rfc1 Rfc8 16. c5
Bxb3 17. cxb6 Ba4 18. bxa7 Rxa7 19. Ndc4 Nxc4 20. Rxc4 Rd8
21. Nxc6 bxc6 22. Bxc6 Bxc6 23. Rxc6 Bxd4 24. Bxd4 Rxd4
25. Rc3 g5 26. h3 h5 27. a3 f6 28. Kg2 Kf7 29. Rb3 Rda4
30. Rc3 R7a6 31. Rb3 f5 32. Rc3 h4 33. Ra2 hxg3 34. fxg3 Kf6
35. Kf2 e5 36. Kf3 e4+ 37. Ke3 R6a5 38. Kf2 Ke5 39. Rb3 Rd4
40. Rb8 Rd3 41. a4 f4 42. Re8+ Kd4 43. gxf4 gxf4 44. Rd8+ Kc4
45. Rc8+ Kb3 46. Rcc2 Rg5 47. Rab2+ Ka3 48. Ra2+ Kb4 49. a5
Rf3+ 50. Ke1 Rg1+ 51. Ke2 Re3+ 52. Kd2 Rd3+ 53. Ke2 f3+
54. Kf2 Rg2+ 55. Ke1 Rxc2 56. Rxc2 e3 57. Rc1 Rd2 58. Rb1+
Kxa5 59. Kf1 Rf2+ 60. Kg1 Rg2+ 61. Kh1 Rg8 0-1

[Event "1st Danzhou Tournament"]
[Site "Danzhou CHN"]
[Date "2010.06.13"]
[EventDate "2010.06.11"]
[Round "3"]
[Result "0-1"]
[White "Ding Liren"]
[Black "Bu Xiangzhi"]
[WhiteElo "2547"]
[BlackElo "2681"]
[PlyCount "82"]

1. d4 d5 2. c4 c6 3. Nf3 Nf6 4. Nc3 dxc4 5. a4 Bf5 6. Ne5 Nbd7
7. Nxc4 Nb6 8. Ne5 a5 9. e3 Nbd7 10. Qb3 Nxe5 11. dxe5 Nd7
12. e4 Be6 13. Qxb7 Rb8 14. Qa7 Nxe5 15. f4 Nd7 16. Be3 Bb3
17. Nb5 cxb5 18. Bxb5 Rxb5 19. axb5 e5 20. O-O exf4 21. Bf2
Bd6 22. b6 O-O 23. Qxa5 f3 24. b7 Qb8 25. Qb5 Bxh2+ 26. Kh1
fxg2+ 27. Kxg2 Be6 28. Ra8 Qf4 29. Rxf8+ Nxf8 30. Rh1 Bh3+
31. Kxh3 Qxf2 32. b8=Q Bxb8 33. Qxb8 h5 34. Qg3 Qxb2 35. Qg2
Qe5 36. Rf1 Ne6 37. Qg3 Qxe4 38. Kh2 g5 39. Qb8+ Kg7 40. Qe8
Qh4+ 41. Kg1 Qd4+ 0-1

[Event "1st Danzhou Tournament"]
[Site "Danzhou CHN"]
[Date "2010.06.14"]
[EventDate "2010.06.11"]
[Round "4"]
[Result "1/2-1/2"]
[White "Ding Liren"]
[Black "Yu Yangyi"]
[WhiteElo "2547"]
[BlackElo "2585"]
[PlyCount "73"]

1. d4 d5 2. c4 c6 3. Nf3 Nf6 4. Nc3 dxc4 5. a4 e6 6. e4 Bb4
7. Bg5 Qa5 8. Bd2 c5 9. Bxc4 cxd4 10. Nxd4 O-O 11. Qe2 Nbd7
12. Nc2 Ne5 13. f4 Nxc4 14. Qxc4 Bxc3 15. Bxc3 Qa6 16. Qxa6
bxa6 17. Bxf6 gxf6 18. O-O-O Bb7 19. Rhe1 Rfc8 20. b3 Rab8
21. Kb2 Kf8 22. Rd3 a5 23. Na3 Ba6 24. Rd7 Bb7 25. Nb5 Bc6
26. Rxa7 Bxb5 27. axb5 Rxb5 28. Re3 Rh5 29. h3 Rhc5 30. Rd3
R8c7 31. Rxc7 Rxc7 32. Rd8+ Ke7 33. Ra8 Rc5 34. Ra7+ Ke8
35. Rb7 f5 36. e5 h5 37. h4 1/2-1/2

[Event "1st Danzhou Tournament"]
[Site "Danzhou CHN"]
[Date "2010.06.15"]
[EventDate "2010.06.11"]
[Round "5"]
[Result "0-1"]
[White "Wang Hao"]
[Black "Ding Liren"]
[WhiteElo "2722"]
[BlackElo "2547"]
[PlyCount "108"]

1. e4 e6 2. d4 d5 3. Nc3 Nf6 4. e5 Nfd7 5. f4 c5 6. Nf3 Nc6
7. Be3 Qb6 8. Na4 Qa5+ 9. c3 cxd4 10. b4 Nxb4 11. cxb4 Bxb4+
12. Bd2 Bxd2+ 13. Nxd2 O-O 14. g3 f6 15. Bh3 fxe5 16. O-O e4
17. Bxe6+ Kh8 18. Rc1 d3 19. Rxc8 Raxc8 20. Bxd7 Rc7 21. Nb3
Qb4 22. Nac5 Rxc5 23. Nxc5 Qxc5+ 24. Kg2 d4 25. Ba4 Qc3
26. Qg4 e3 27. Qe6 Qd2+ 28. Kh3 e2 29. Rb1 Qe3 30. Qxe3 dxe3
31. Bb5 Rd8 32. Kg2 a6 33. Bxd3 Rxd3 34. Kf3 Rd2 35. Rxb7 h6
36. Rb1 Rxa2 37. Kxe3 a5 38. Kd3 Rb2 39. Rc1 a4 40. Rc8+ Kh7
41. Re8 a3 42. Kc3 e1=Q+ 43. Rxe1 Rxh2 44. Re5 Rg2 45. Kd4
Rxg3 46. Ra5 Kg6 47. Ke5 Kh5 48. f5 Kh4 49. Ke4 Rg4+ 50. Ke5
Rg3 51. Ke4 Kh3 52. Kf4 Kg2 53. Rc5 Rf3+ 54. Ke4 a2 0-1

[Event "1st Danzhou Tournament"]
[Site "Danzhou CHN"]
[Date "2010.06.17"]
[EventDate "2010.06.11"]
[Round "6"]
[Result "1/2-1/2"]
[White "Ding Liren"]
[Black "Yifan Hou"]
[WhiteElo "2547"]
[BlackElo "2589"]
[PlyCount "67"]

1. d4 Nf6 2. c4 e6 3. Nf3 b6 4. g3 Bb4+ 5. Bd2 Bxd2+ 6. Qxd2
Ba6 7. b3 O-O 8. Bg2 d5 9. O-O c6 10. Rc1 Nbd7 11. a4 h6
12. Na3 Bb7 13. b4 a5 14. cxd5 exd5 15. b5 c5 16. Ne5 Re8
17. Nxd7 Nxd7 18. Nc4 Re6 19. Rab1 cxd4 20. Qxd4 dxc4 21. Bxb7
Nc5 22. Bd5 Rd6 23. e4 Nb3 24. Qxc4 Nxc1 25. Rxc1 Ra7 26. Qc8
Rad7 27. Kf1 Qxc8 28. Rxc8+ Rd8 29. Rc4 Kf8 30. Ke2 Ke7
31. Ke3 f5 32. f3 fxe4 33. fxe4 Kd7 34. Bc6+ 1/2-1/2

[Event "1st Danzhou Tournament"]
[Site "Danzhou CHN"]
[Date "2010.06.18"]
[EventDate "2010.06.11"]
[Round "7"]
[Result "1/2-1/2"]
[White "Zhao Jun"]
[Black "Ding Liren"]
[WhiteElo "2574"]
[BlackElo "2547"]
[PlyCount "65"]

1. e4 e6 2. d4 d5 3. Nd2 c5 4. Ngf3 cxd4 5. Nxd4 Nc6 6. Bb5
Bd7 7. Nxc6 Bxc6 8. Bxc6+ bxc6 9. c4 Qa5 10. O-O Nf6 11. e5
Nd7 12. Re1 Rb8 13. Qc2 Qa6 14. b3 Bc5 15. Nf3 h6 16. Be3 Bxe3
17. Rxe3 O-O 18. Rc3 c5 19. Re1 d4 20. Rd3 Qc6 21. Qe2 f5
22. exf6 Rxf6 23. Ne5 Nxe5 24. Qxe5 Rd8 25. f3 Rg6 26. Qh5 Rg5
27. Qh4 Rf8 28. Re4 e5 29. Qe1 Qg6 30. Qe2 Rf4 31. Rxf4 exf4
32. Rd1 Qf5 33. b4 1/2-1/2

[Event "1st Danzhou Tournament"]
[Site "Danzhou CHN"]
[Date "2010.06.19"]
[EventDate "2010.06.11"]
[Round "8"]
[Result "1/2-1/2"]
[White "Ding Liren"]
[Black "Li Chao"]
[WhiteElo "2547"]
[BlackElo "2619"]
[PlyCount "108"]

1. d4 Nf6 2. c4 g6 3. Nc3 d5 4. cxd5 Nxd5 5. e4 Nxc3 6. bxc3
Bg7 7. Nf3 c5 8. Be3 O-O 9. Qd2 Bg4 10. Ng5 cxd4 11. cxd4 Nc6
12. h3 Bd7 13. Rb1 Rc8 14. Nf3 e5 15. d5 Nd4 16. Bxd4 exd4
17. Bd3 b6 18. O-O Re8 19. Rfe1 Rc3 20. Bb5 Bxb5 21. Rxb5 Qc7
22. e5 Qc4 23. Qb2 Rxf3 24. gxf3 Rxe5 25. Rxe5 Bxe5 26. Qb3
Qc1+ 27. Kg2 Qf4 28. Kf1 Qh2 29. Qc2 Qxh3+ 30. Ke2 Qd7 31. a4
h5 32. Qe4 Qc7 33. f4 Bf6 34. Kf3 Qd7 35. Kg2 Qg4+ 36. Kh2 d3
37. Qxd3 Qxf4+ 38. Kg2 Be7 39. a5 h4 40. Qf3 Qa4 41. Rb2 Qxa5
42. Rc2 Bc5 43. Rc4 h3+ 44. Qxh3 Qa2 45. Rxc5 bxc5 46. Qc8+
Kg7 47. Qxc5 Qd2 48. d6 Kf6 49. Qc7 Qd5+ 50. Kg3 Qg5+ 51. Kh2
Qh4+ 52. Kg1 Qg4+ 53. Kf1 Qd1+ 54. Kg2 Ke5 1/2-1/2

[Event "FIDE Zonal 3.5"]
[Site "Tianjin CHN"]
[Date "2011.03.27"]
[EventDate "?"]
[Round "8"]
[Result "0-1"]
[White "Ding Liren"]
[Black "Li Chao"]
[WhiteElo "2637"]
[BlackElo "2646"]
[PlyCount "80"]

1. d4 Nf6 2. c4 g6 3. Nc3 d5 4. Nf3 Bg7 5. Qa4+ Bd7 6. Qb3
dxc4 7. Qxc4 O-O 8. Bf4 Bc6 9. e3 Nd5 10. Bg3 Nb6 11. Qb3 Bxf3
12. gxf3 N8d7 13. Rd1 c6 14. Bg2 a5 15. a4 Nf6 16. Ne4 Nfd5
17. Nc5 Ra7 18. h4 e5 19. e4 Nb4 20. dxe5 Qe7 21. Qc3 Na6
22. Nxa6 Rxa6 23. Qd4 c5 24. Qd6 Qe8 25. Qxc5 Nxa4 26. Qa3 Rb6
27. O-O Nxb2 28. Rd5 a4 29. f4 Rb3 30. Qa2 Nc4 31. Bh3 Qc6
32. Bd7 Qb6 33. Kh1 a3 34. Rc1 Ra8 35. Kh2 Ne3 36. Rd6 Qb4
37. Rd2 Rb2 38. Rxb2 Qxb2 39. Ra1 Ra6 40. Kg1 Nc2 0-1